|
|
|
|
| LEADER |
00000nam a2200000 a 4500 |
| 001 |
vtls001486505 |
| 003 |
SK-MaSNL |
| 005 |
20260427075909.0 |
| 008 |
240314s2004 xo da g bh 000 0deng |
| 015 |
|
|
|a SNBA2004/11-06343
|
| 020 |
|
|
|a 8022720453
|q (brož.)
|
| 035 |
|
|
|a SNK000441798
|
| 035 |
|
|
|a urn:nbn:sk:snk-amyfht
|
| 035 |
|
|
|a urn:nbn:sk:snk-am00cexp
|
| 035 |
|
|
|a 78CC1BE7-B842-4222-B65E-27ACDB4338D2
|
| 040 |
|
|
|a SNK
|b slo
|c SNK
|e AACR2
|
| 041 |
0 |
|
|a eng
|
| 044 |
|
|
|a xo
|c SK
|
| 072 |
|
7 |
|a 626/627
|x Vodné staviteľstvo. Vodné hospodárstvo
|2 konspekt
|
| 080 |
|
|
|a 626/627
|2 MDT-MRF
|
| 080 |
|
|
|a 627.8
|2 MDT-MRF
|
| 080 |
|
|
|a (043.3)
|2 MDT-MRF
|
| 080 |
|
|
|a (048.8)
|2 MDT-MRF
|
| 100 |
1 |
|
|a Tho, Tran Xuan
|4 aut
|9 530712
|
| 245 |
1 |
0 |
|a Stability problems of earthfill dams
|c Tran Xuan Tho
|
| 260 |
|
|
|a V Bratislave
|b Slovenská technická univerzita
|c 2004
|
| 300 |
|
|
|a 175 s.
|b grafy, sch., tab.
|c 29 cm
|
| 490 |
1 |
|
|a Edícia vedeckých prác
|v zošit č. 17 / Slovenská technická univerzita
|
| 500 |
|
|
|a Biogr. údaje
|
| 500 |
|
|
|a 50 výtl.
|
| 504 |
|
|
|a Bibliogr. s. 171-174
|
| 650 |
0 |
7 |
|a vodohospodárske stavby
|2 SNKPH
|9 69971
|
| 650 |
0 |
7 |
|a priehrady
|2 SNKPH
|9 21151
|
| 650 |
0 |
7 |
|a podložie
|2 SNKPH
|9 27370
|
| 655 |
|
7 |
|a monografie
|2 SNKPH
|9 70139
|
| 655 |
|
7 |
|a dizertácie
|2 SNKPH
|9 70277
|
| 752 |
|
|
|a Slovensko
|d Bratislava
|
| 810 |
2 |
|
|a Slovenská technická univerzita v Bratislave.
|b Stavebná fakulta
|t edícia vedeckých prác
|9 184598
|
| 919 |
|
|
|a 80-227-2045-3
|
| 968 |
|
|
|d 62
|
| 999 |
|
|
|c 818913
|d 820843
|
| 952 |
|
|
|t P60, <03>, [BOOK], {603}, -K-
|a SNK
|b SNK
|y PREZ
|7 0
|p 17A0453429
|o snkSB 69667
|i snkKSP 15311/2004
|0 0
|1 0
|4 0
|d 2004-12-02
|f 1
|l 0
|r 2025-04-23 00:00:00
|w 2026-02-24
|
| 952 |
|
|
|t P60, <04>, [BOOK], {604}
|a SNK
|b SNK
|y VYP
|7 0
|p 17A0453430
|o snkSB 69667 D1
|i snkKSP 15312/2004
|0 0
|1 0
|4 0
|d 2004-12-02
|l 0
|r 2005-01-02 00:00:00
|w 2026-02-24
|